| 000 | 01253cam a2200265 4500 | ||
|---|---|---|---|
| 001 | ABS66371 | ||
| 008 | 030203n2002 000 0 eng u | ||
| 035 | _a(Sirsi) u121209 | ||
| 100 | _aGoulding, J. | ||
| 245 | _aSustainable development and multiplexes | ||
| 260 | _c2002 | ||
| 490 |
_aJournal of Leisure Property _v2(4) November 2002, 317-331(15) |
||
| 520 | _aTraces the evolution of commercial leisure planning policy within the context of the return of leisure development in the UK to urban centres, in line with the government's sustainable development principles, and discusses the contribution of multiplex development to environmental, social and economic sustainability. The evaluation is supported by a survey of the views of leisure professionals on in-town cinema development and sustainability. Tables and references. [Taken from journal abstract]. | ||
| 590 | _aABS | ||
| 650 | _aSUSTAINABLE DEVELOPMENT | ||
| 650 | _aPLANNING POLICY | ||
| 650 | _aPLANNING POLICY GUIDANCE NOTE SIX | ||
| 650 | _aPLANNING POLICY GUIDANCE NOTE 13 | ||
| 650 | _aTOWN CENTRES | ||
| 650 | _aMULTIPLEXES | ||
| 650 | _aCINEMAS | ||
| 650 | _aTOWN AND COUNTRY PLANNING (USE CLASSES) ORDERS | ||
| 690 | _aLEISURE AND RECREATION | ||
| 942 | _n0 | ||
| 999 |
_c72029 _d72029 |
||